10 największych miast w każdym województwie - Statystyki

Ogólne statystyki
  • Ten quiz został rozwiązany 539 razy
    100 od ostatniego zresetowania
  • Średni wynik to 87 z 160
Statystyki odpowiedzi
Ludność Miasto % Poprawnych
487 371 Gdańsk
95%
241 189 Gdynia
95%
389 066 Szczecin
95%
1 861 599 Warszawa
94%
167 311 Olsztyn
93%
326 434 Bydgoszcz
91%
196 005 Radom
91%
291 688 Białystok
90%
329 565 Lublin
90%
279 190 Katowice
89%
194 771 Toruń
89%
182 295 Kielce
88%
538 439 Poznań
88%
673 743 Wrocław
88%
806 201 Kraków
86%
126 077 Opole
86%
197 268 Rzeszów
85%
652 015 Łódź
83%
68 231 Suwałki
83%
205 969 Częstochowa
80%
112 923 Elbląg
80%
105 540 Koszalin
80%
187 115 Sosnowiec
80%
138 932 Zielona Góra
80%
169 915 Gliwice
78%
59 759 Ełk
76%
115 247 Gorzów Wielkopolski
76%
43 426 Kołobrzeg
76%
153 838 Zabrze
76%
111 190 Płock
75%
100 294 Wałbrzych
75%
100 807 Włocławek
75%
67 378 Inowrocław
74%
85 504 Słupsk
74%
103 129 Tarnów
74%
67 620 Lubin
73%
38 904 Świnoujście
73%
93 137 Kalisz
71%
91 948 Legnica
71%
58 231 Zamość
71%
165 766 Bielsko-Biała
70%
57 214 Chełm
70%
88 658 Grudziądz
70%
54 387 Kędzierzyn-Koźle
68%
59 711 Łomża
68%
70 054 Piła
68%
65 461 Pruszków
68%
130 887 Rybnik
68%
75 124 Jelenia Góra
66%
80 358 Nowy Sącz
66%
66 604 Stargard
66%
66 519 Piotrków Trybunalski
65%
21 273 Sandomierz
65%
54 453 Biała Podlaska
64%
56 050 Przemyśl
64%
67 066 Konin
63%
37 557 Szczecinek
63%
122 045 Tychy
63%
46 097 Wejherowo
61%
44 060 Krosno
60%
52 331 Bełchatów
59%
62 049 Głogów
59%
36 709 Malbork
59%
56 972 Mielec
59%
40 685 Nysa
59%
48 229 Ostrołęka
59%
62 093 Ostrowiec Świętokrzyski
59%
75 297 Siedlce
59%
56 936 Tczew
59%
28 995 Augustów
58%
147 759 Bytom
58%
63 549 Gniezno
58%
60 051 Leszno
58%
43 860 Puławy
58%
33 403 Brzeg
56%
69 260 Ostrów Wielkopolski
56%
29 627 Police
56%
130 302 Ruda Śląska
56%
32 188 Iława
55%
27 310 Giżycko
53%
60 598 Pabianice
53%
35 577 Oświęcim
51%
34 345 Sanok
51%
43 712 Tarnobrzeg
51%
35 298 Jarosław
50%
52 630 Legionowo
50%
33 065 Nowy Targ
50%
42 973 Radomsko
50%
44 416 Starachowice
50%
45 295 Starogard Gdański
50%
57 438 Tomaszów Mazowiecki
50%
27 845 Wieliczka
50%
34 837 Żary
50%
42 986 Dębica
49%
51 971 Piaseczno
49%
53 316 Rumia
49%
55 127 Stalowa Wola
48%
53 543 Zgierz
48%
28 441 Bochnia
46%
41 224 Skarżysko-Kamienna
46%
32 727 Jasło
45%
45 184 Skierniewice
45%
37 055 Bolesławiec
44%
38 729 Chojnice
44%
31 336 Ostróda
44%
52 874 Świdnica
44%
20 778 Świebodzin
44%
18 976 Hajnówka
43%
33 166 Oława
43%
35 132 Oleśnica
41%
23 462 Żagań
41%
36 040 Nowa Sól
40%
38 729 Sieradz
40%
18 974 Prudnik
39%
23 823 Bielsk Podlaski
38%
22 033 Kluczbork
38%
16 818 Namysłów
38%
32 261 Olkusz
38%
36 680 Świdnik
38%
14 365 Busko-Zdrój
36%
17 384 Końskie
36%
40 723 Kutno
36%
21 878 Szczytno
36%
20 848 Zambrów
36%
25 523 Gorlice
35%
20 899 Grajewo
35%
20 533 Mrągowo
35%
31 759 Września
35%
33 928 Chrzanów
34%
16 255 Słubice
34%
21 314 Bartoszyce
33%
14 029 Jędrzejów
33%
45 347 Ząbki
33%
31 296 Kraśnik
31%
36 854 Kwidzyn
31%
45 365 Marki
31%
15 379 Rypin
31%
23 578 Wałcz
31%
28 190 Brodnica
30%
24 841 Świecie
30%
24 769 Biłgoraj
29%
17 591 Kostrzyn nad Odrą
29%
9 721 Pińczów
29%
18 052 Chełmno
26%
15 606 Gubin
26%
19 734 Lubartów
26%
27 159 Łuków
26%
12 621 Głuchołazy
25%
25 113 Kętrzyn
25%
17 002 Nakło nad Notecią
25%
17 087 Sokółka
25%
16 975 Strzelce Opolskie
25%
16 832 Międzyrzecz
24%
13 596 Staszów
24%
15 282 Krapkowice
23%
14 436 Łapy
23%
22 418 Białogard
21%
21 462 Goleniów
21%
32 835 Luboń
15%
28 254 Swarzędz
15%
Nie znaleziono quizów pasujących do podanych kryteriów
Rozkład punktacji
Procent ludzi z każdym wynikiem
Percentyl według liczby udzielonych odpowiedzi
Twoja historia wyników
Nie rozwiązałeś tego quizu od ostatniego zresetowania